Missing Word: Music & Movies (C) Quiz Stats

 Plays Quiz Updated Jan 15, 2016

Challenge
Share
Tweet
Embed
Score 0/26 Timer 02:00
7 Plays Today
Title 'C' Word % Correct
Here _____ the SunComes
96%
_____ Me If You CanCatch
94.5%
Bonnie and _____Clyde
92.4%
_____ of the TitansClash
92.2%
A Christmas _____Carol
90.9%
_____ and Present DangerClear
81.4%
The _____ House RulesCider
77.1%
(They Long to Be) _____ to YouClose
75.3%
_____ on Wayward SonCarry
73.9%
Tears of a _____Clown
71.4%
The _____ in the WoodsCabin
67.4%
Three _____ in the FountainCoins
64.8%
_____ In LoveCrazy
62.9%
Title 'C' Word % Correct
Get Off of My _____Cloud
60.6%
The _____ GuyCable
60.1%
Goodbye, Mr. _____Chips
58.6%
_____ CarterCoach
56.8%
_____ ShopCandy
53.8%
_____ of FoolsChain
52.5%
_____ You Be LovedCould
52.3%
G.I. Joe: The Rise of _____Cobra
49.3%
The Wind _____ MaryCries
44.6%
The Big _____Chill
39.2%
_____ E's in LoveChuck
36.3%
Stupid _____Cupid
25.9%
My Baby Just _____ For MeCares
25.9%

Today's Daily Dose

You're not logged in!

Compare scores with friends on all Sporcle quizzes.
OR
Log In

You Might Also Like...

Show Comments

Extras

Top Quizzes Today


Score Distribution

Your Account Isn't Verified!

In order to create a playlist on Sporcle, you need to verify the email address you used during registration. Go to your Sporcle Settings to finish the process.

Report this User

Report this user for behavior that violates our Community Guidelines.

Details: